[Event "EU-ch 24th"]
[Site "Petrovac"]
[Date "2024.11.13"]
[Round "6"]
[White "Bartel, Mateusz"]
[Black "Babazada, Khazar Araz"]
[Result "1/2-1/2"]
[WhiteElo "2613"]
[BlackElo "2459"]
[PlyCount "67"]
[EventDate "2024.11.08"]
[EventType "swiss"]
[EventRounds "11"]
[EventCountry "MNE"]
[SourceTitle "CB47_2024"]
[SourceDate "2024.11.20"]
[SourceVersion "1"]
[SourceVersionDate "2024.11.20"]
[SourceQuality "1"]

1. e4 c5 2. Nf3 e6 3. b3 Nc6 4. Bb2 Nf6 5. e5 Ng4 6. h3 Nh6 7. Bb5 Qc7 8. Qe2 Nf5 9. Bxc6 Qxc6 10. Nc3 d5 11. exd6 Bxd6 12. 0-0-0 0-0 13. Ne4 Be7 14. g4 Nd6 15. Nxd6 Bxd6 16. g5 e5 17. Nxe5 Re8 18. f4 Bf5 19. h4 Bxe5 20. fxe5 b5 21. Rhf1 Qd7 22. Qf2 Bg4 23. Rde1 Rac8 24. Re4 Be6 25. h5 c4 26. b4 a5 27. a3 axb4 28. axb4 Qe7 29. Bc3 Ra8 30. h6 Ra2 31. hxg7 Qxg5 32. Rg1 Qf5 33. Qd4 Qf3 34. Qe3 1/2-1/2

[Event "EU-ch 24th"]
[Site "Petrovac"]
[Date "2024.11.12"]
[Round "5"]
[White "Kochavi, Dana"]
[Black "Babazada, Khazar Araz"]
[Result "0-1"]
[WhiteElo "2166"]
[BlackElo "2459"]
[PlyCount "104"]
[EventDate "2024.11.08"]
[EventType "swiss"]
[EventRounds "11"]
[EventCountry "MNE"]
[SourceTitle "CB47_2024"]
[SourceDate "2024.11.20"]
[SourceVersion "1"]
[SourceVersionDate "2024.11.20"]
[SourceQuality "1"]

1. e4 Nf6 2. e5 Nd5 3. d4 d6 4. c4 Nb6 5. f4 dxe5 6. fxe5 Bf5 7. Nc3 e6 8. Nf3 Be7 9. Be2 0-0 10. 0-0 Nc6 11. Be3 f6 12. exf6 Bxf6 13. Qd2 Qe7 14. Rad1 Rad8 15. Kh1 Kh8 16. Qc1 Bg4 17. Ne4 Bxf3 18. Bxf3 Bxd4 19. Bg5 Bf6 20. Nxf6 gxf6 21. Bxc6 Rxd1 22. Qxd1 fxg5 23. Rxf8+ Qxf8 24. Bxb7 Kg7 25. h3 Qd6 26. Qh5 Qe5 27. b3 Nd7 28. Qe8 Nf6 29. Qe7+ Kg6 30. Bc8 Kf5 31. a4 Kf4 32. Qxe6 Qxe6 33. Bxe6 c5 34. a5 Ne4 35. Bd7 h5 36. Kh2 h4 37. Bc6 Nc3 38. Bf3 Nb1 39. Bc6 Nc3 40. Bf3 Ke3 41. Kg1 Nb1 42. Bd1 Kd2 43. b4 cxb4 44. Bb3 Kc3 45. c5 Na3 46. c6 Nb5 47. Bg8 b3 48. Kf2 b2 49. Bh7 Kb4 50. Be4 Kxa5 51. Kf3 Kb6 52. Kg4 a5 0-1

[Event "EU-ch 24th"]
[Site "Petrovac"]
[Date "2024.11.11"]
[Round "4"]
[White "Babazada, Khazar Araz"]
[Black "Bacrot, Etienne"]
[Result "1/2-1/2"]
[WhiteElo "2459"]
[BlackElo "2653"]
[PlyCount "32"]
[EventDate "2024.11.08"]
[EventType "swiss"]
[EventRounds "11"]
[EventCountry "MNE"]
[SourceTitle "CB47_2024"]
[SourceDate "2024.11.20"]
[SourceVersion "1"]
[SourceVersionDate "2024.11.20"]
[SourceQuality "1"]

1. e4 c5 2. Nf3 e6 3. d4 cxd4 4. Nxd4 Nc6 5. Nc3 Qc7 6. f4 a6 7. Nxc6 bxc6 8. Bd3 d5 9. Qe2 Nf6 10. 0-0 Be7 11. Bd2 0-0 12. Rae1 g6 13. Kh1 dxe4 14. Nxe4 Nxe4 15. Bxe4 Bf6 16. Qc4 Bb7 1/2-1/2

[Event "EU-ch 24th"]
[Site "Petrovac"]
[Date "2024.11.10"]
[Round "3"]
[White "Babazada, Khazar Araz"]
[Black "Durarbayli, Vasif"]
[Result "1/2-1/2"]
[WhiteElo "2459"]
[BlackElo "2626"]
[PlyCount "90"]
[EventDate "2024.11.08"]
[EventType "swiss"]
[EventRounds "11"]
[EventCountry "MNE"]
[SourceTitle "CB47_2024"]
[SourceDate "2024.11.20"]
[SourceVersion "1"]
[SourceVersionDate "2024.11.20"]
[SourceQuality "1"]

1. e4 c5 2. Nf3 d6 3. d4 cxd4 4. Nxd4 Nf6 5. Nc3 a6 6. Bg5 e6 7. f4 h6 8. Bh4 Qb6 9. a3 Be7 10. Bf2 Qc7 11. Qf3 Nc6 12. Bd3 Nxd4 13. Bxd4 e5 14. fxe5 dxe5 15. Qg3 Be6 16. Bxe5 Qc5 17. b4 Qc6 18. 0-0 0-0-0 19. Kh1 h5 20. h3 h4 21. Qf3 Nh5 22. Nd5 Bd6 23. c4 Kb8 24. Bd4 Ng3+ 25. Kg1 Nxf1 26. Rxf1 f6 27. Bf2 Qe8 28. Qe3 Kc8 29. Qa7 Qh5 30. c5 Bb8 31. Ne7+ Kd7 32. Qxb7+ Ke8 33. Nd5 Qf7 34. Qxa6 Kf8 35. Bd4 Rh6 36. Qb6 Re8 37. Bb5 Rg6 38. Bxe8 Qxe8 39. Nf4 Bxf4 40. Rxf4 Bxh3 41. Rxh4 Rxg2+ 42. Kh1 Kg8 43. Bxf6 gxf6 44. Rxh3 Rg7 45. Rh4 Rh7 1/2-1/2

[Event "EU-ch 24th"]
[Site "Petrovac"]
[Date "2024.11.08"]
[Round "1"]
[White "Babazada, Khazar Araz"]
[Black "Willim, Michael"]
[Result "1-0"]
[WhiteElo "2459"]
[BlackElo "2102"]
[PlyCount "33"]
[EventDate "2024.11.08"]
[EventType "swiss"]
[EventRounds "11"]
[EventCountry "MNE"]
[SourceTitle "CB47_2024"]
[SourceDate "2024.11.20"]
[SourceVersion "1"]
[SourceVersionDate "2024.11.20"]
[SourceQuality "1"]

1. e4 e5 2. Nf3 Nc6 3. Bb5 a6 4. Ba4 Nf6 5. d4 exd4 6. 0-0 Be7 7. e5 Ne4 8. Nxd4 Nc5 9. Nf5 g6 10. Nxe7 Qxe7 11. Nc3 0-0 12. Nd5 Qxe5 13. Re1 Qd4 14. Bh6 Qxa4 15. Bxf8 Ne6 16. Bh6 Qa5 17. c3 1-0

[Event "Wch U20 Rapid"]
[Site "Tashkent"]
[Date "2024.08.04"]
[Round "8"]
[White "Subelj, Jan"]
[Black "Babazada, Khazar Araz"]
[Result "1-0"]
[WhiteElo "2498"]
[BlackElo "2459"]
[PlyCount "189"]
[EventDate "2024.08.02"]
[EventType "swiss (rapid)"]
[EventRounds "9"]
[EventCountry "UZB"]
[SourceTitle "CBM 221 Extra"]
[Source "ChessBase"]
[SourceDate "2024.09.30"]
[SourceVersion "1"]
[SourceVersionDate "2024.09.30"]
[SourceQuality "1"]

1. e4 Nf6 2. e5 Nd5 3. d4 d6 4. Nf3 Nb6 5. Be2 g6 6. 0-0 Bg7 7. exd6 cxd6 8. h3 0-0 9. c4 Bf5 10. Nc3 Nc6 11. Be3 d5 12. c5 Nc4 13. Bc1 b6 14. cxb6 Nxb6 15. b3 Be4 16. Be3 Bxf3 17. Bxf3 e6 18. Rc1 Rc8 19. Be2 Qf6 20. Ba6 Rcd8 21. Ne2 Nb8 22. Bd3 Qe7 23. a4 Nc8 24. Qd2 Qb7 25. b4 Nd6 26. b5 Nd7 27. a5 Nc4 28. Bxc4 dxc4 29. Qb4 Rb8 30. Rxc4 Qxb5 31. Qxb5 Rxb5 32. Rc7 Nb8 33. Ra1 a6 34. Nc3 Rb3 35. Ne4 Rb4 36. Nc5 h6 37. g3 Rd8 38. Nb7 Rd7 39. Rc8+ Kh7 40. Nc5 Rd6 41. Bf4 Rdxd4 42. Bxb8 Rbc4 43. Rb1 Rd5 44. Ba7 Bd4 45. Rb7 Rf5 46. Nxe6 Bxf2+ 47. Bxf2 Rxc8 48. Nd4 Rc1+ 49. Kg2 Rf6 50. Rb6 Kg7 51. Nb3 Rc2 52. Rxf6 Kxf6 53. Kf1 Ra2 54. Bb6 Ke5 55. Nc5 f5 56. Ke1 g5 57. Nxa6 f4 58. Nb4 Ra4 59. Nd3+ Kf5 60. g4+ Kf6 61. Kd2 f3 62. Ke3 Ra3 63. Ke4 Ke6 64. a6 Ra4+ 65. Kxf3 Kd5 66. a7 Ra3 67. Ke3 Ra4 68. Kd2 Kc6 69. Bf2 Ra2+ 70. Kc3 Kb7 71. Bd4 Ka8 72. Kc4 Ra6 73. Kd5 Ra3 74. Nf2 Rf3 75. Ke5 Rg3 76. Kf5 Rf3+ 77. Kg6 Rf4 78. Be3 Rf3 79. Bc5 Rc3 80. Bd4 Rc6+ 81. Kg7 Rc4 82. Be5 Rc2 83. Nh1 Re2 84. Bg3 Rg2 85. Kxh6 Rg1 86. Kxg5 Rxh1 87. h4 Kxa7 88. h5 Kb7 89. h6 Kc6 90. Kg6 Kd5 91. g5 Ra1 92. h7 Ra6+ 93. Kg7 Ra7+ 94. Kh6 Ra8 95. g6 1-0

[Event "TUR-chT"]
[Site "Ankara"]
[Date "2024.07.26"]
[Round "15.20"]
[White "Buyukasik, Diyap"]
[Black "Babazada, Khazar Araz"]
[Result "0-1"]
[WhiteElo "2225"]
[BlackElo "2468"]
[PlyCount "96"]
[EventDate "2024.07.14"]
[EventType "team-tourn"]
[EventRounds "15"]
[EventCountry "TUR"]
[SourceTitle "EXT 2025"]
[Source "ChessBase"]
[SourceDate "2024.10.14"]
[SourceVersion "1"]
[SourceVersionDate "2024.10.14"]
[SourceQuality "1"]
[WhiteTeam "Beyazkale Dernegi"]
[BlackTeam "Apaydin"]
[WhiteTeamCountry "TUR"]
[BlackTeamCountry "TUR"]

1. Nf3 Nf6 2. c4 g6 3. g3 Bg7 4. Bg2 0-0 5. 0-0 d6 6. Nc3 Nbd7 7. d3 e5 8. Rb1 a5 9. a3 Re8 10. Nd2 h5 11. h3 Nc5 12. b4 axb4 13. axb4 Ne6 14. e3 Nh7 15. Bb2 f5 16. Ra1 Rxa1 17. Bxa1 h4 18. Nf3 hxg3 19. fxg3 c6 20. Na4 Bh6 21. e4 Ng7 22. c5 Nh5 23. exf5 Nxg3 24. Re1 Nxf5 25. cxd6 Be3+ 26. Rxe3 Nxe3 27. Qb3+ Be6 28. Qb2 Qxd6 29. Nxe5 Nf6 30. Qf2 Nf5 31. Nc5 Bd5 32. Nxg6 Bxg2 33. Qxf5 Qg3 34. Be5 Rxe5 35. Qxe5 Qxg6 36. h4 Bd5+ 37. Qg5 Qxg5+ 38. hxg5 b6 39. Na4 Nd7 40. Kf2 b5 41. Nc3 Nf8 42. Kg3 Kf7 43. Kf4 Ke6 44. Ne2 Ng6+ 45. Ke3 Ke5 46. Nc3 Ne7 47. Ne2 Nf5+ 48. Kd2 Nd4 0-1

[Event "TUR-chT"]
[Site "Ankara"]
[Date "2024.07.17"]
[Round "5.44"]
[White "Babazada, Khazar Araz"]
[Black "Petkov, Momchil"]
[Result "1-0"]
[WhiteElo "2468"]
[BlackElo "2497"]
[PlyCount "145"]
[EventDate "2024.07.14"]
[EventType "team-tourn"]
[EventRounds "15"]
[EventCountry "TUR"]
[SourceTitle "EXT 2025"]
[Source "ChessBase"]
[SourceDate "2024.10.14"]
[SourceVersion "1"]
[SourceVersionDate "2024.10.14"]
[SourceQuality "1"]
[WhiteTeam "Apaydin"]
[BlackTeam "Burhaniye"]
[WhiteTeamCountry "TUR"]
[BlackTeamCountry "TUN"]

1. e4 c5 2. Nf3 d6 3. d4 cxd4 4. Nxd4 Nf6 5. Nc3 a6 6. Be2 e5 7. Nb3 Be7 8. g4 h6 9. h4 Be6 10. g5 hxg5 11. Bxg5 Nc6 12. Qd2 b5 13. 0-0-0 b4 14. Bxf6 Bxf6 15. Nd5 Bxd5 16. Qxd5 Ne7 17. Qb7 Rb8 18. Qxa6 Rb6 19. Qa4+ Qd7 20. Nc5 Qxa4 21. Nxa4 Rb8 22. h5 Kd7 23. Rh3 Bg5+ 24. Kb1 Nc6 25. Bg4+ Ke7 26. c3 b3 27. axb3 Rxb3 28. Rhd3 Rd8 29. Rd5 Rb7 30. Be2 Bh4 31. f3 Bf2 32. Bb5 Na7 33. Ba6 Rc7 34. R5d2 Be3 35. Re2 Rc6 36. Bb7 Rc7 37. Rxe3 Rxb7 38. Red3 Nb5 39. Kc2 Rh8 40. Rh1 Ra8 41. Ra1 Rh8 42. b4 Rxh5 43. Nb2 f5 44. Nc4 fxe4 45. fxe4 Rh4 46. Rg1 Ke6 47. Nxd6 Nxd6 48. Rg6+ Kf7 49. Rgxd6 Rxe4 50. Rd7+ Rxd7 51. Rxd7+ Kf6 52. b5 Re2+ 53. Kb3 Re1 54. c4 Rb1+ 55. Kc2 Rb4 56. Kc3 Rb1 57. Rd6+ Kf5 58. b6 e4 59. Rd5+ Ke6 60. Rg5 Kd6 61. Kd4 Rd1+ 62. Kxe4 Kc6 63. c5 Re1+ 64. Kd4 Rd1+ 65. Ke3 Re1+ 66. Kf4 Rf1+ 67. Kg4 Rf8 68. Re5 g5 69. Kxg5 Rg8+ 70. Kf6 Rf8+ 71. Kg7 Rc8 72. Kf7 Kd7 73. Re7+ 1-0

[Event "TUR-chT"]
[Site "Ankara"]
[Date "2024.07.15"]
[Round "2.14"]
[White "Daneshvar, Bardiya"]
[Black "Babazada, Khazar Araz"]
[Result "1/2-1/2"]
[WhiteElo "2617"]
[BlackElo "2468"]
[PlyCount "62"]
[EventDate "2024.07.14"]
[EventType "team-tourn"]
[EventRounds "15"]
[EventCountry "TUR"]
[SourceTitle "EXT 2025"]
[Source "ChessBase"]
[SourceDate "2024.10.14"]
[SourceVersion "1"]
[SourceVersionDate "2024.10.14"]
[SourceQuality "1"]
[WhiteTeam "Aquamatch Deniz"]
[BlackTeam "Apaydin"]
[WhiteTeamCountry "TUR"]
[BlackTeamCountry "TUR"]

1. d4 Nf6 2. c4 e6 3. Nc3 Bb4 4. e3 0-0 5. Bd2 d5 6. Nf3 dxc4 7. Bxc4 c5 8. a3 Bxc3 9. Bxc3 Ne4 10. Rc1 Nxc3 11. Rxc3 cxd4 12. Nxd4 Bd7 13. 0-0 Nc6 14. Nf3 Qe7 15. Qc2 Rfd8 16. Rc1 Rac8 17. h4 g6 18. b4 Qf6 19. Qe4 Ne7 20. Qe5 Qxe5 21. Nxe5 Be8 22. g4 Kg7 23. g5 h5 24. Bb3 Rxc3 25. Rxc3 Rc8 26. Rxc8 Nxc8 27. f3 Nd6 28. Kf2 b6 29. a4 f6 30. gxf6+ Kxf6 31. f4 Ne4+ 1/2-1/2

[Event "Baku op"]
[Site "Baku"]
[Date "2024.06.29"]
[Round "1"]
[White "Babazada, Khazar Araz"]
[Black "Javadov, Habil"]
[Result "0-1"]
[WhiteElo "2468"]
[BlackElo "2195"]
[PlyCount "82"]
[EventDate "2024.06.29"]
[EventType "swiss"]
[EventRounds "9"]
[EventCountry "AZE"]
[SourceTitle "CBM 221 Extra"]
[Source "ChessBase"]
[SourceDate "2024.09.30"]
[SourceVersion "1"]
[SourceVersionDate "2024.09.30"]
[SourceQuality "1"]

1. Nf3 e6 2. g3 d5 3. Bg2 Nf6 4. 0-0 Be7 5. d3 c5 6. Nbd2 Nc6 7. e4 b6 8. Re1 Bb7 9. e5 Nd7 10. Nf1 Qc7 11. Bf4 h6 12. h4 0-0-0 13. Qd2 Rdg8 14. h5 g5 15. hxg6 Rxg6 16. Ne3 Nd4 17. Nh2 Qd8 18. Qd1 h5 19. c3 Nc6 20. d4 h4 21. Neg4 Bg5 22. Qd2 Qg8 23. dxc5 hxg3 24. fxg3 Bxf4 25. Qxf4 Rxh2 26. Nxh2 Rxg3 27. Re2 Ncxe5 28. Kh1 bxc5 29. Rg1 Nd3 30. Qd6 e5 31. Rf1 Rg6 32. Qe7 Nf4 33. Rxf4 exf4 34. Nf3 d4 35. Qe8+ Qxe8 36. Rxe8+ Kc7 37. cxd4 cxd4 38. Re1 Rg3 39. Rc1+ Kb6 40. Ne1 f3 41. Bxf3 Rxf3 0-1

[Event "Titled Tuesday intern op 28th Nov Late"]
[Site "Chess.com INT"]
[Date "2023.11.28"]
[Round "6"]
[White "Babazada, Khazar Araz"]
[Black "Gavrilov, Maxim"]
[Result "1-0"]
[WhiteElo "2390"]
[BlackElo "2186"]
[PlyCount "57"]
[EventDate "2023.11.28"]
[EventType "swiss (blitz)"]
[EventRounds "11"]
[EventCountry "USA"]
[SourceTitle "EXT 2025"]
[Source "ChessBase"]
[SourceDate "2024.10.14"]
[SourceVersion "1"]
[SourceVersionDate "2024.10.14"]
[SourceQuality "1"]

1. Nf3 Nf6 2. d4 b6 3. c4 Bb7 4. d5 e6 5. Nc3 Bb4 6. Bg5 h6 7. Bxf6 Qxf6 8. Rc1 0-0 9. e3 Na6 10. a3 Bxc3+ 11. Rxc3 Nc5 12. Be2 e5 13. 0-0 e4 14. Nd4 a5 15. b4 axb4 16. axb4 Na6 17. Rb3 c5 18. bxc5 Nxc5 19. Rb4 Ra6 20. Nb5 Rfa8 21. Qd4 Ra2 22. Qxf6 gxf6 23. Nd4 R8a6 24. Rfb1 Na4 25. Bf1 Kf8 26. Nf5 h5 27. Nd6 Nc3 28. Rc1 Ba8 29. Rxc3 1-0

[Event "Titled Tuesday intern op 28th Nov Late"]
[Site "Chess.com INT"]
[Date "2023.11.28"]
[Round "5"]
[White "Grutter, Tim"]
[Black "Babazada, Khazar Araz"]
[Result "1/2-1/2"]
[WhiteElo "2329"]
[BlackElo "2390"]
[PlyCount "246"]
[EventDate "2023.11.28"]
[EventType "swiss (blitz)"]
[EventRounds "11"]
[EventCountry "USA"]
[SourceTitle "EXT 2025"]
[Source "ChessBase"]
[SourceDate "2024.10.14"]
[SourceVersion "1"]
[SourceVersionDate "2024.10.14"]
[SourceQuality "1"]

1. d4 Nf6 2. Nc3 d5 3. Bf4 e6 4. Nb5 Bb4+ 5. c3 Ba5 6. a4 a6 7. Na3 c6 8. e3 0-0 9. Nf3 b5 10. Nc2 Bc7 11. Ne5 Nfd7 12. axb5 Nxe5 13. dxe5 cxb5 14. Bxb5 Bb7 15. Bd3 Nd7 16. 0-0 g6 17. Bh6 Re8 18. f4 a5 19. Nd4 Nc5 20. Bg5 Qb8 21. Bb5 Rc8 22. Rf3 Ne4 23. Be7 Bd8 24. Ba3 Ba6 25. Bxa6 Rxa6 26. Qa4 Bb6 27. Kh1 Qb7 28. Qb5 Ra7 29. Qe2 a4 30. Nb5 Ra5 31. Nd6 Nxd6 32. exd6 Bc5 33. Rh3 Bxa3 34. Rxa3 Qd7 35. Qf2 Qxd6 36. Qh4 h5 37. Qg5 Qd8 38. Qg3 d4 39. exd4 Qxd4 40. Qd3 Qxf4 41. Rf3 Qc1+ 42. Rf1 Qxb2 43. Raa1 Rd5 44. Qa6 Rxc3 45. Qxa4 Rc8 46. Qa7 Rf8 47. Rab1 Qd4 48. Qc7 Rf5 49. Qb7 Rxf1+ 50. Rxf1 Qd5 51. Qb1 e5 52. h3 Rd8 53. Qe1 e4 54. Qe3 Qe6 55. Rf4 Rd3 56. Qxe4 Qxe4 57. Rxe4 Kg7 58. Kh2 g5 59. Ra4 h4 60. Ra5 Kg6 61. Kg1 Rd2 62. Kf1 Rb2 63. Ra4 f6 64. Rc4 f5 65. Ra4 Kh5 66. Ra5 Kg6 67. Ra4 Rb5 68. Ra6+ Kh5 69. Ra4 Re5 70. Rb4 Re4 71. Rb5 g4 72. Rxf5+ Kg6 73. hxg4 Rxg4 74. Rf3 Kg5 75. Kg1 Rf4 76. Ra3 Kg4 77. Kh2 Rb4 78. Ra5 Rd4 79. Ra8 Rf4 80. Rg8+ Kh5 81. Kh3 Rb4 82. Rh8+ Kg5 83. Rd8 Rb3+ 84. Kh2 Kg4 85. Rd4+ Kg5 86. Rd5+ Kg4 87. Ra5 Rc3 88. Ra1 Kg5 89. Ra4 Kh5 90. Re4 Kg5 91. Kg1 Kh5 92. Kf2 Rc2+ 93. Kf3 Rc3+ 94. Kf4 Rg3 95. Re5+ Kg6 96. Re2 Kh5 97. Ra2 Kg6 98. Ra6+ Kg7 99. Ra2 Kg6 100. Rb2 Kg7 101. Kf5 Kh6 102. Rb6+ Kg7 103. Rb2 Kh6 104. Rf2 Kg7 105. Kf4 Kh6 106. Ke4 Kg6 107. Kf4 Kh6 108. Ke4 Kg6 109. Kf4 Kh5 110. Ke4 Rg4+ 111. Kf3 Rg3+ 112. Ke2 Ra3 113. Rf5+ Kg4 114. Rc5 Ra2+ 115. Kf1 Kg3 116. Rc3+ Kg4 117. Rc4+ Kg5 118. Kg1 Rb2 119. Rc3 Rd2 120. Kh2 Ra2 121. Kh3 Ra4 122. Rc5+ Kg6 123. Rb5 Kh6 1/2-1/2